[Event "Team Championship (women rapid)"]
[Site "Sochi"]
[Date "2017.10.04"]
[Round "7.11"]
[White "Chekletsova, Darya"]
[Black "Gritsayeva, Oksana"]
[Result "0-1"]
[LiveChessVersion "1.4.8"]
[BlackElo "2358"]
[WhiteElo "1591"]

1. d4 {[%clk 0:15:19]} g6 {[%clk 0:15:19]} 2. c4 {[%clk 0:15:27]} Bg7
{[%clk 0:15:28]} 3. Nc3 {[%clk 0:15:36]} c5 {[%clk 0:15:32]} 4. Nf3
{[%clk 0:15:42]} cxd4 {[%clk 0:15:32]} 5. Nxd4 {[%clk 0:15:50]} Nc6
{[%clk 0:15:41]} 6. Nxc6 {[%clk 0:15:45]} bxc6 {[%clk 0:15:48]} 7. Qc2
{[%clk 0:15:53]} Nf6 {[%clk 0:15:38]} 8. Bf4 {[%clk 0:15:41]} d6 {[%clk 0:15:33]}
9. e3 {[%clk 0:15:27]} Qa5 {[%clk 0:15:30]} 10. Be2 {[%clk 0:15:06]} Nh5
{[%clk 0:14:39]} 11. Bg3 {[%clk 0:14:40]} Nxg3 {[%clk 0:14:32]} 12. hxg3
{[%clk 0:14:48]} Rb8 {[%clk 0:14:23]} 13. O-O {[%clk 0:14:02]} O-O
{[%clk 0:14:21]} 14. Kh2 {[%clk 0:12:57]} Rxb2 {[%clk 0:13:17]} 15. Qxb2
{[%clk 0:12:59]} Bxc3 {[%clk 0:13:25]} 16. Qc2 {[%clk 0:12:51]} Bxa1
{[%clk 0:13:21]} 17. Rxa1 {[%clk 0:13:00]} Bf5 {[%clk 0:13:08]} 18. e4
{[%clk 0:12:06]} Qe5 {[%clk 0:12:52]} 19. Rh1 {[%clk 0:11:08]} Bxe4
{[%clk 0:12:04]} 20. Qd2 {[%clk 0:10:56]} Rb8 {[%clk 0:11:40]} 21. Qh6
{[%clk 0:10:36]} Rb2 {[%clk 0:10:50]} 22. Bf1 {[%clk 0:04:52]} g5
{[%clk 0:09:35]} 23. f4 {[%clk 0:02:52]} Qf6 {[%clk 0:08:10]} 24. Qh3
{[%clk 0:02:25]} Bf5 {[%clk 0:06:46]} 25. g4 {[%clk 0:02:11]} Be4
{[%clk 0:06:33]} 26. f5 {[%clk 0:00:53]} Qe5+ {[%clk 0:06:24]} 27. Kg1
{[%clk 0:01:00]} Qd4+ {[%clk 0:06:33]} 28. Kh2 {[%clk 0:01:07]} Rxa2
{[%clk 0:06:29]} 29. Qh6 {[%clk 0:00:34]} Qf6 {[%clk 0:06:23]} 30. Qh3
{[%clk 0:00:23]} Qe5+ {[%clk 0:04:54]} 31. Kg1 {[%clk 0:00:30]} Qd4+
{[%clk 0:05:02]} 32. Kh2 {[%clk 0:00:39]} Qf2 {[%clk 0:04:50]} 0-1

[Event "Team Championship (women rapid)"]
[Site "Sochi"]
[Date "2017.10.04"]
[Round "7.12"]
[White "Potapova, Margarita"]
[Black "Murzina, Agata"]
[Result "1-0"]
[LiveChessVersion "1.4.8"]
[BlackElo "1707"]
[WhiteElo "2104"]

1. d4 {[%clk 0:15:15]} g6 {[%clk 0:15:10]} 2. e4 {[%clk 0:15:22]} e6
{[%clk 0:15:11]} 3. Nc3 {[%clk 0:15:20]} Bg7 {[%clk 0:15:19]} 4. h4
{[%clk 0:15:21]} b6 {[%clk 0:14:25]} 5. h5 {[%clk 0:15:11]} Nh6 {[%clk 0:14:29]}
6. Be3 {[%clk 0:14:32]} Bb7 {[%clk 0:12:49]} 7. f3 {[%clk 0:13:32]} Ng8
{[%clk 0:11:54]} 8. Qd2 {[%clk 0:13:21]} gxh5 {[%clk 0:11:04]} 9. Rxh5
{[%clk 0:12:45]} d6 {[%clk 0:08:00]} 10. O-O-O {[%clk 0:12:30]} Nd7
{[%clk 0:07:56]} 11. Rg5 {[%clk 0:11:23]} Bf6 {[%clk 0:07:31]} 12. Rh5
{[%clk 0:11:24]} Qe7 {[%clk 0:03:52]} 13. Nb5 {[%clk 0:10:50]} Qd8
{[%clk 0:03:51]} 14. g4 {[%clk 0:10:34]} a6 {[%clk 0:03:43]} 15. Nc3
{[%clk 0:10:28]} Qe7 {[%clk 0:03:05]} 16. Nge2 {[%clk 0:10:14]} O-O-O
{[%clk 0:03:03]} 17. d5 {[%clk 0:09:18]} Ne5 {[%clk 0:02:04]} 18. Nd4
{[%clk 0:08:42]} Re8 {[%clk 0:00:57]} 19. g5 {[%clk 0:08:20]} Bg7
{[%clk 0:00:13]} 20. f4 {[%clk 0:06:31]} Nd7 {[%clk 0:00:16]} 21. Bh3
{[%clk 0:06:02]} Nc5 {[%clk 0:00:14]} 22. b4 {[%clk 0:05:30]} Nd7
{[%clk 0:00:22]} 23. dxe6 {[%clk 0:05:27]} fxe6 {[%clk 0:00:31]} 24. Nxe6
{[%clk 0:05:23]} Kb8 {[%clk 0:00:25]} 25. Nxg7 {[%clk 0:05:05]} Qxg7
{[%clk 0:00:33]} 26. Bd4 {[%clk 0:05:09]} Qf7 {[%clk 0:00:23]} 27. Bxd7
{[%clk 0:05:00]} Qxd7 {[%clk 0:00:32]} 28. Bxh8 {[%clk 0:04:54]} Bxe4
{[%clk 0:00:27]} 29. Nxe4 {[%clk 0:04:41]} Rxe4 {[%clk 0:00:34]} 30. Re1
{[%clk 0:03:29]} Re8 {[%clk 0:00:13]} 31. Rxe8+ {[%clk 0:03:18]} Qxe8
{[%clk 0:00:22]} 32. Rxh7 {[%clk 0:03:10]} Qe4 {[%clk 0:00:22]} 33. Rh2
{[%clk 0:02:46]} Ne7 {[%clk 0:00:20]} 34. Re2 {[%clk 0:02:45]} Qh1+
{[%clk 0:00:20]} 35. Qe1 {[%clk 0:02:40]} Qxh8 {[%clk 0:00:15]} 36. Kb1
{[%clk 0:02:14]} Nc8 {[%clk 0:00:16]} 37. f5 {[%clk 0:02:09]} Qh5
{[%clk 0:00:21]} 38. f6 {[%clk 0:02:00]} Qf7 {[%clk 0:00:21]} 39. Re4
{[%clk 0:01:38]} d5 {[%clk 0:00:27]} 40. Re8 {[%clk 0:01:31]} Kb7
{[%clk 0:00:20]} 41. Qe6 {[%clk 0:01:30]} Nd6 {[%clk 0:00:21]} 42. Qxf7
{[%clk 0:01:34]} Nxf7 {[%clk 0:00:30]} 43. g6 {[%clk 0:01:38]} Nd6
{[%clk 0:00:36]} 44. f7 {[%clk 0:01:41]} Nxe8 45. fxe8=Q {[%clk 0:01:48]} d4
{[%clk 0:00:40]} 46. Qe4+ {[%clk 0:01:51]} Ka7 {[%clk 0:00:48]} 47. Qxd4
{[%clk 0:01:56]} c5 {[%clk 0:00:57]} 48. Qd7+ {[%clk 0:02:01]} Kb8
{[%clk 0:01:04]} 49. g7 {[%clk 0:02:09]} a5 {[%clk 0:01:02]} 50. g8=R#
{[%clk 0:02:17]} 1-0